Biblioteca hispano-americana. 1493-1810.

שמור ב:
מידע ביבליוגרפי
פורמט: ספר
שפה:ספרדית
יצא לאור: Santiago, Chile Impreso y grabado en casa del autor 1898
נושאים:
תגים: הוספת תג
אין תגיות, היה/י הראשונ/ה לתייג את הרשומה!

MARC

LEADER 00000nam a2200000 a 4500
001 UCJ8613
003 CL-VaPUC
005 20230415074412.0
008 070124e18980000CL |||||||||||||||||spa|d
999 |c 324283  |d 324281 
040 |c Pontificia Universidad Católica de Valparaíso 
082 0 4 |a 983 MED 1898  |2 21 
245 1 0 |a Biblioteca hispano-americana. 1493-1810. 
260 0 3 |a Santiago, Chile  |b Impreso y grabado en casa del autor  |c 1898 
300 |a 7 volúmenes. 
500 |a Formato .29x.21 m 
583 |a last modification  |c 20070124 00:00:00  |k Rodrigo Vera 
650 7 |a BIBLIOGRAFIA  |2 CL-VaPUC  |9 256175 
650 0 |a Ilustraciones  |9 369481 
942 |c BK  |2 ddc 
945 |d 20070124 00:00:00  |a rinostro 
952 |0 0  |1 0  |4 0  |6 983_000000000000000_MED_1898  |7 0  |8 X  |9 404327  |a FDOBUD  |b FDOBUD  |d 2019-11-22  |h v.1  |i 1080628  |o 983 MED 1898  |p 1080628  |r 2019-11-22  |w 2019-11-22  |y BK_X  |k BUD 
952 |0 0  |1 0  |4 0  |6 983_000000000000000_MED_1898  |7 0  |8 X  |9 404328  |a FDOBUD  |b FDOBUD  |d 2019-11-22  |h v.2  |i 1080636  |o 983 MED 1898  |p 1080636  |r 2019-11-22  |w 2019-11-22  |y BK_X  |k BUD 
952 |0 0  |1 0  |4 0  |6 983_000000000000000_MED_1898  |7 0  |8 X  |9 404329  |a FDOBUD  |b FDOBUD  |d 2019-11-22  |h v.3  |i 1080644  |o 983 MED 1898  |p 1080644  |r 2019-11-22  |w 2019-11-22  |y BK_X  |k BUD 
952 |0 0  |1 0  |4 0  |6 983_000000000000000_MED_1898  |7 0  |8 X  |9 404330  |a FDOBUD  |b FDOBUD  |d 2019-11-22  |h v.4  |i 1080652  |o 983 MED 1898  |p 1080652  |r 2019-11-22  |w 2019-11-22  |y BK_X  |k BUD 
952 |0 0  |1 0  |4 0  |6 983_000000000000000_MED_1898  |7 0  |8 X  |9 404331  |a FDOBUD  |b FDOBUD  |d 2019-11-22  |h v.5  |i 1080660  |o 983 MED 1898  |p 1080660  |r 2019-11-22  |w 2019-11-22  |y BK_X  |k BUD 
952 |0 0  |1 0  |4 0  |6 983_000000000000000_MED_1898  |7 0  |8 X  |9 404332  |a FDOBUD  |b FDOBUD  |d 2019-11-22  |h v.6  |i 1080679  |o 983 MED 1898  |p 1080679  |r 2019-11-22  |w 2019-11-22  |y BK_X  |k BUD 
952 |0 0  |1 0  |4 0  |6 983_000000000000000_MED_1898  |7 0  |8 X  |9 404333  |a FDOBUD  |b FDOBUD  |d 2019-11-22  |h v.7  |i 1080687  |o 983 MED 1898  |p 1080687  |r 2019-11-22  |w 2019-11-22  |y BK_X  |k BUD